La protección penal del cheque en el Código de Comercio de 1955 / (Record no. 74727)

MARC details
000 -LEADER
campo de control de longitud fija 00720nam a2200205 i 4500
001 - NÚMERO DE CONTROL
campo de control 74727
003 - IDENTIFICADOR DE NÚMERO DE CONTROL
campo de control ES-MaACL
005 - FECHA Y HORA DE LA ÚLTIMA TRANSACCIÓN
campo de control 20230906172227.0
007 - CAMPO FIJO DE DESCRIPCIÓN FÍSICA--INFORMACIÓN GENERAL
campo de control de longitud fija t|
008 - DATOS DE LONGITUD FIJA--INFORMACIÓN GENERAL
campo de control de longitud fija 040920s1957 ve ||||1| spa d
100 1# - ENTRADA PRINCIPAL--NOMBRE DE PERSONA
Nombre de persona González Urbaneja, Simón.
9 (RLIN) 58997
245 13 - MENCIÓN DEL TÍTULO
Título La protección penal del cheque en el Código de Comercio de 1955 /
Mención de responsabilidad, etc. Simón González Urbaneja.
260 ## - PUBLICACIÓN, DISTRIBUCIÓN, ETC.
Lugar de publicación, distribución, etc. Caracas (Venezuela) :
Nombre del editor, distribuidor, etc. Universidad Central de Venezuela. Facultad de Derecho,
Fecha de publicación, distribución, etc. 1957 (
Fabricante Sucre)
300 ## - DESCRIPCIÓN FÍSICA
Extensión 149 p. ;
Dimensiones 23 cm.
490 1# - MENCIÓN DE SERIE
Mención de serie Estudios jurídicos ;
Designación de volumen o secuencia 19
710 2# - ENTRADA AGREGADA--NOMBRE DE ENTIDAD CORPORATIVA
Nombre de entidad corporativa o nombre de jurisdicción como elemento de entrada Universidad Central de Venezuela.
9 (RLIN) 7083
830 0# - PUNTO DE ACCESO ADICIONAL DE SERIE-TÍTULO UNIFORME
Título uniforme Estudios jurídicos ;
Designación de volumen o secuencia 19
9 (RLIN) 183446
852 ## - LOCALIZACIÓN
Ubicación ES-MaACL
Número de control de estantería C-13594
Sublocalización o colección R.40994
Holdings
Estatus retirado Estado de pérdida Estado de daño No para préstamo Biblioteca de origen Biblioteca actual Ubicación en estantería Fecha de adquisición Fuente de adquisición Total de préstamos Signatura topográfica completa Código de barras Visto por última vez Precio de reemplazo Tipo de ítem Koha
        Biblioteca del Ateneo de Madrid Biblioteca del Ateneo de Madrid Sala Palomar 17/01/2008     C-13594 1078223 23/02/2023 23/02/2023 Libro impreso